00534nam a22001817a 450000500170000001000150001702000260003203500140005803700090007208200140008110000340009524500940012925000060022326000410022927000480027030000240031849000100034220240904161259.0 aENG-141642 a9788170743316c800.00 aEN-125174 bDBAD a954.3121 aBandyopadhyay, Premansu Kumar aSepoys in the British Overseas Expenditions/b1762-1826/cBy Premansu Kumar Bandyopadhyay a1 aKolkata bK P Bagchi & Companyc2011 a286, B.B. Gangului StreetbKolkata e700012 axxv,380p.c22cm(hb) vVol 1